| 000 | 01183nam0a22003371 4500 | ||
|---|---|---|---|
| 001 | rc\2256095 | ||
| 005 | 20110826162234.7 | ||
| 035 | _a(NLR Aleph) 006538540 | ||
| 090 |
_a6611446 _c6611446 |
||
| 100 | _a20110826d1978 |||y0rusy50 ca | ||
| 101 | 0 | _arus | |
| 102 | _aRU | ||
| 105 | _aa z ||||| | ||
| 200 | 1 |
_aКипящий слой в цветной металлургии _f[Д.Н. Клушин, Э.Я. Серебренникова, А.Д. Бессер и др.] |
|
| 210 |
_aМосква _cМеталлургия _d1978 |
||
| 215 |
_a279 с. _cил. _d22 |
||
| 320 | _aСписки лит. в конце глав | ||
| 320 | _aПредм. указ.: с. 275-276 | ||
| 606 |
_aЦветная металлургия _2psbo |
||
| 606 |
_aОбжиг в кипящем слое _2psbo |
||
| 686 |
_aК330.14,07 _2rubbk |
||
| 701 | 1 |
_aБессер _bА. Д. |
|
| 701 | 1 |
_aКлушин _bД. Н. _gДмитрий Николаевич |
|
| 701 | 1 |
_aСеребренникова _bЭ. Я. |
|
| 801 | 0 |
_aRU _bNLR _gpsbo |
|
| 801 | 1 |
_aRU _bELAR _2rusmarc |
|
| 852 |
_aNLR _j78-5/2628 |
||
| 899 |
_aRuMoRGB _jБ 78-7/1041 |
||
| 899 |
_aRuMoRGB _jБ 78-7/1042 |
||
| 942 | _cBOOK | ||
| 980 | _aNB | ||